| 000 | 00450nam a2200157 4500 | ||
|---|---|---|---|
| 999 |
_c55974 _d55974 |
||
| 020 | _a81-203-0955-3 | ||
| 041 | _aeng | ||
| 082 |
_a507 _bMOH _218th. |
||
| 100 | _aMohan, Radha | ||
| 245 |
_aInnovative science teaching : for physical science teachers _cRadha Mohan |
||
| 260 |
_aNew Delhi _bPrentice-Hall of India _c1995 |
||
| 300 |
_aix,311p.; _c22cm. |
||
| 500 | _aLibrary has 3rd ed. also. | ||
| 650 | _aScience-Study and Teaching | ||
| 942 | _cBK | ||